Lugares escuros (Record no. 43614)

MARC details
000 -Etiqueta do registo
Valores 00808nam a2200265 4500
010 ## - Número ISBN
ISBN 9789722527163
021 ## - Número do Depósito Legal
Número 363106/13
100 ## - Dados gerais de processamento
Dados gerais 20131216d2013 m y0pory50030103ba
101 1# - Língua de publicação
Língua por
102 ## - País de publicação
País PT
200 1# - Titulo e menção de responsabilidade
Título próprio Lugares escuros
Primeira menção de responsabilidade Gillian Flynn
Outras menções de responsabilidade trad. Tânia Ganho
-- rev. Catarina Andrade
205 ## - Menção da edição
Edição 1.ª ed.
210 #9 - Publicação
Local de publicação Lisboa
Nome do editor Bertrand,
Data de publicação 2013
215 ## - Descrição física 
Paginação / Volumes 414, [2] p.
Dimensões 24 cm
225 2# - Colecção 
Título próprio da colecção Grandes romances
304 ## - Nota relativa ao título
Texto de nota Tít. orig.: Dark places
675 ## - CDU
Notação 821.111(73)-312.4"20"
Edição BN
Língua por
700 #1 - Autor principal
Apelido Flynn,
Nome Gillian,
Datas 1971-
702 #1 - Autor secundário
Apelido Ganho,
Nome Tânia,
Datas 1973-
Função 730
702 #1 - Autor secundário
Apelido Andrade,
Nome Catarina
Função 675
801 #0 - Fonte de origem
País PT
Agência BN
Regras de catalogação RPC
856 41 - Localização e acesso electrónico 
URL <a href="http://rnod.bnportugal.gov.pt/ImagesBN/winlibimg.aspx?skey=&doc=1858830&img=36228&save=true">http://rnod.bnportugal.gov.pt/ImagesBN/winlibimg.aspx?skey=&doc=1858830&img=36228&save=true</a>
990 ## - Elementos KOHA
Tipo de documento Livro
Holdings
Aquisição Empréstimo Código de barras Cota Permissão de empréstimo Tipo de documento
Biblioteca Escolar Doutor Hernâni Cidade Biblioteca Escolar Doutor Hernâni Cidade 80357 82-31 FLY ROMANCE   Livro

Powered by Koha